Economics : Principles and applications

An introductory economics text covering microeconomics and macroeconomics. They emphasize an approach that sees solutions to all economics problems as the repeated application of one methodology.

Uloženo v:
Podrobná bibliografie
Hlavní autor: Hall, Robert E.
Médium: Kniha
Jazyk:Undetermined
Vydáno: Australia Thomson Learrning 2005
Témata:
Tagy: Přidat tag
Žádné tagy, Buďte první, kdo otaguje tento záznam!
Thư viện lưu trữ: Trung tâm Học liệu Trường Đại học Cần Thơ
LEADER 00740nam a2200217Ia 4500
001 CTU_116808
008 210402s9999 xx 000 0 und d
020 |c 122.71 
082 |a 330 
082 |b H179 
100 |a Hall, Robert E. 
245 0 |a Economics : 
245 0 |b Principles and applications 
245 0 |c Robert E. Hall, Marc Lieberman 
260 |a Australia 
260 |b Thomson Learrning 
260 |c 2005 
520 |a An introductory economics text covering microeconomics and macroeconomics. They emphasize an approach that sees solutions to all economics problems as the repeated application of one methodology. 
650 |a Economics 
904 |i Minh 
980 |a Trung tâm Học liệu Trường Đại học Cần Thơ